World Map Without 30 Random Countries - Statistics

General Stats
  • This quiz has been taken 450 times
  • The average score is 27 of 30
Answers on the Map
Answers color-coded by a green-red scale on the quiz's map according to % correct below.
 
Answer Stats
Country % Correct
Argentina
100%
Australia
100%
Bolivia
100%
Canada
100%
Chad
100%
China
100%
Croatia
100%
Egypt
100%
France
100%
Indonesia
100%
Kazakhstan
100%
Mexico
100%
Mongolia
100%
Poland
100%
Saudi Arabia
100%
Senegal
100%
Serbia
100%
Spain
100%
Turkey
100%
United States
100%
Venezuela
100%
Angola
97%
Austria
97%
Bosnia and Herzegovina
97%
DR Congo
97%
Ethiopia
97%
Finland
97%
Hungary
97%
India
97%
Iran
97%
Libya
97%
Niger
97%
Panama
97%
Paraguay
97%
Peru
97%
Russia
97%
United Kingdom
97%
Belarus
96%
Bulgaria
96%
Chile
96%
Italy
96%
Kyrgyzstan
96%
Laos
96%
Mali
96%
Morocco
96%
Nigeria
96%
North Macedonia
96%
Pakistan
96%
Suriname
96%
Thailand
96%
Zimbabwe
96%
Lithuania
95%
Romania
95%
Uruguay
95%
Botswana
94%
Brazil
94%
Costa Rica
94%
Eritrea
94%
Gabon
94%
Germany
94%
Guyana
94%
Malaysia
94%
Nepal
94%
Norway
94%
Slovakia
94%
Sudan
94%
Tajikistan
94%
Afghanistan
93%
Algeria
93%
Central African Republic
93%
Cuba
93%
Greece
93%
Iraq
93%
Ivory Coast
93%
Japan
93%
Kenya
93%
Mauritania
93%
Moldova
93%
Sweden
93%
Switzerland
93%
Czech Republic
92%
Guinea
92%
Mozambique
92%
Namibia
92%
Portugal
92%
South Sudan
92%
Yemen
92%
Guatemala
91%
Kosovo
91%
South Africa
91%
Slovenia
90%
Benin
89%
Denmark
89%
Turkmenistan
89%
Uganda
89%
Azerbaijan
88%
Burkina Faso
88%
Ecuador
88%
Honduras
88%
Jordan
88%
Lesotho
88%
Malawi
88%
Sierra Leone
88%
Togo
88%
Ukraine
88%
Uzbekistan
88%
Zambia
88%
Belgium
87%
Colombia
87%
Seychelles
87%
Cambodia
86%
Estonia
86%
Nicaragua
86%
Papua New Guinea
86%
South Korea
86%
Tanzania
86%
Guinea-Bissau
85%
Haiti
85%
Netherlands
85%
Myanmar
84%
North Korea
84%
Oman
84%
Bangladesh
83%
Cameroon
83%
Rwanda
83%
Belize
82%
Sao Tome and Principe
82%
Syria
82%
Georgia
81%
Republic of the Congo
81%
Samoa
81%
Somalia
81%
Taiwan
81%
Armenia
80%
Fiji
80%
Ghana
80%
Philippines
80%
Albania
79%
Dominican Republic
79%
Israel
79%
New Zealand
79%
Vietnam
78%
Burundi
77%
Equatorial Guinea
77%
Ireland
77%
Kiribati
77%
Latvia
77%
Madagascar
77%
Tunisia
77%
Marshall Islands
76%
Kuwait
74%
Palau
74%
Cape Verde
72%
Eswatini
72%
Liberia
72%
Bahamas
71%
El Salvador
70%
Sri Lanka
70%
FS Micronesia
69%
Mauritius
69%
Iceland
68%
Nauru
67%
Solomon Islands
67%
Tonga
66%
Vanuatu
66%
Tuvalu
65%
Comoros
62%
Jamaica
61%
United Arab Emirates
61%
Maldives
59%
Malta
59%
No matching quizzes found
Score Distribution
Percent of People with Each Score
Percentile by Number Answered
Your Score History
You have not taken this quiz